O suicídio de meu pai (Record no. 1397)

MARC details
000 -LEADER
campo de control de longitud fija 00377nam a2200133 4500
008 - DATOS DE LONGITUD FIJA--INFORMACIÓN GENERAL
campo de control de longitud fija 779.092 P419s
020 ## - NÚMERO INTERNACIONAL ESTÁNDAR DEL LIBRO
Número Internacional Estándar del Libro 9788591666904
082 ## - NÚMERO DE LA CLASIFICACIÓN DECIMAL DEWEY
Número de clasificación 779.092
Número de ítem P419s
100 ## - ENTRADA PRINCIPAL--NOMBRE DE PERSONA
Nombre de persona Penteado, André
9 (RLIN) 6158
245 ## - MENCIÓN DEL TÍTULO
Título O suicídio de meu pai
260 ## - PUBLICACIÓN, DISTRIBUCIÓN, ETC.
Lugar de publicación, distribución, etc. São Paulo
Nombre del editor, distribuidor, etc. Edición del autor
Fecha de publicación, distribución, etc. 2014
300 ## - DESCRIPCIÓN FÍSICA
Extensión 153 p.
Otras características físicas ill (col)
Dimensiones 20 cm.
650 ## - PUNTO DE ACCESO ADICIONAL DE MATERIA--TÉRMINO DE MATERIA
Subdivisión general fotografía, luto, suicidio, exhibiciones
9 (RLIN) 6176
Holdings
Estatus retirado Estado de pérdida Fuente del sistema de clasificación o colocación Estado de daño No para préstamo Biblioteca de origen Biblioteca actual Ubicación en estantería Fecha de adquisición Total de préstamos Signatura topográfica completa Código de barras Visto por última vez Precio de reemplazo Tipo de ítem Koha
    Clasificación Decimal Dewey     Biblioteca LadoV Biblioteca LadoV   15/03/2018   779.092 P419s 004507 15/03/2018 15/03/2018 Material 01